Slovenian 2000s Music Quiz: Name the Artist - Statistics

General Stats
  • This quiz has been taken 12 times
  • The average score is 9 of 30
Answer Stats
Song Release Date Artist % Correct
Hir ai kam, hir ai go 2004 Magnifico
83%
Z Goričkega v Piran 2007 Vlado Kreslin
83%
Napoj 2003 Siddharta
75%
Vrn' se k' men 2004 Big Foot Mama
67%
Na fuzbal me pust 2001 Vili Resnik
67%
Pravljica o mavričnih ljudeh 2004 Šank Rock
58%
Dva policaja 2005 Natalija Verboten
50%
Turbo polka 2005 Atomik Harmonik
42%
Odpelji me 2002 BePop
42%
Odhajaš 2002 Mi2
42%
Dobri profesor 2001 Peter Lovšin
42%
Macho 2004 Helena Blagne
33%
Vse, kar si želiš 2004 Omar Naber
25%
Oblak za dva 2009 Tabu
25%
Jočem 2008 Da Phenomena
17%
Gremo fantje! 2008 Foxy Teens
17%
Rossiya 2006 Laibach
17%
Poljubi me v dežju 2001 Matjaž Jelen
17%
Ne misli, da umiram 2001 Miran Rudan
17%
Brez sramu 2009 Rebeka Dremelj
17%
Rožica 2003 Slon in Sadež
17%
Mambo Italiano 2000 Tanja Ribič
17%
Pobegli vlak 2003 Zablujena Generacija
17%
Moja moja 2002 Andraž Hribar
8%
Ključ do srca 2002 Anja Rupel
8%
Srce pa še vedno hrepeni 2008 Ansambel Roka Žlindre
8%
Kaj vse bi dal 2008 Gal Gjurin
8%
Ljubezen 2000 Marta Zore
8%
Čez dvajset let 2000 Nuša Derenda
8%
In sta šla 2001 Tinkara Kovač
8%
No matching quizzes found
Score Distribution
Percent of People with Each Score
Percentile by Number Answered
Your Score History
You have not taken this quiz